000 00513 a2200193 4500
005 20240320121621.0
008 240320b |||||||| |||| 00| 0 eng d
020 _a9788126578245
_cRs. 1069.00
040 _aMAIN
082 _a621.4022
_bB454I
100 _aBergman, Theodore L
245 _aIncropera's principles of heat and mass transfer
260 _bWiley
_c2019
_aNew Delhi
300 _axxi, 978
650 _aEngineering
650 _aHeat Transfer
700 _aLavine, Adrienne, S
942 _cBK
999 _c312690
_d312690